| 000 | 00564nam a2200181Ia 4500 | ||
|---|---|---|---|
| 003 | LK-CoDNM | ||
| 008 | 010623t2007 xxu||||| |||| 00| 1 eng d | ||
| 040 |
_aLK-CoDNM _dLK-CoDNM _eLK-CoDNM |
||
| 041 | _aeng | ||
| 080 |
_a362.5 _bGUN |
||
| 100 | _aGunewardena, Dileni | ||
| 245 | _aAbsolute relative consumption poverty in Sri Lanka : Evidence the consumer finance survey 2003/04 | ||
| 260 |
_bCentre for poverty analysis _aColombo _c2007 |
||
| 300 | _b(vii)72, 29.5 cm | ||
| 700 | _aMeedeniya, Arunika | ||
| 700 | _aShivakumaran, Shivapragasam | ||
| 942 | _cBK | ||
| 999 |
_c126320 _d126320 |
||